Villes de Nouvelle-Aquitaine en images - Statistiques

Statistiques générales
  • Ce quiz a été pris 47 fois
  • Le résultat moyen est 6 sur 24
Statistiques - réponses
Par images Réponse % Correct
La Rochelle
88%
Bordeaux
59%
Arcachon
44%
Bayonne
44%
Limoges
41%
Poitiers
38%
Niort
35%
Pau
32%
Périgueux
26%
Mont-de-Marsan
24%
Tulle
24%
Angouleme
21%
Saintes
21%
Agen
18%
Bergerac
18%
Brive
15%
Dax
12%
Marmande
12%
Aubusson
9%
Bressuire
9%
Chatellerault
9%
Guéret
9%
Bellac
6%
Confolens
6%
Aucun quiz correspondant
Distribution des résultats
% des personnes avec chaque résultat
Percentile par nombre de réponses
Votre historique - résultats
Vous n’avez pas pris ce quiz